Entry Personal Name
Number of records used in: 2
001 - CONTROL NUMBER
003 - CONTROL NUMBER IDENTIFIER
005 - DATE AND TIME OF LATEST TRANSACTION
- control field:
20200710145759.0
008 - FIXED-LENGTH DATA ELEMENTS
- fixed length control field:
200710|| aca||aabn | a|a d
040 ## - CATALOGING SOURCE
- Original cataloging agency:
OSt
- Transcribing agency:
OSt
100 ## - HEADING--PERSONAL NAME
- Personal name:
JHA, SHRI RAM CHANDRA
670 ## - SOURCE DATA FOUND
- Source citation:
Work cat.: (OSt): JHA, SHRI RAM CHANDRA, SELECTED JUDGEMENTS ON PROFESSIONAL ETHICS [Vol-1], 2019